| 000 | 00940cam a2200277 i 4500 | ||
|---|---|---|---|
| 001 | 1293658005 | ||
| 003 | OSt | ||
| 005 | 20250617124723.0 | ||
| 008 | 220126t20222022nyua b 001 0 eng d | ||
| 020 | _a9780306925689 (hardcover) | ||
| 024 | _cUSD 17 | ||
| 040 |
_aNjBwBT _beng _erda _cOQX _dNUST |
||
| 050 | 4 | _aHM1246 ROS | |
| 100 | 1 |
_aRose, Todd _eAuthor |
|
| 245 | 1 | 0 |
_aCollective illusions : _bconformity, complicity, and the science of why we make bad decisions / _cTodd Rose. |
| 260 |
_aNew York : _bHachette Books, _c©2022. |
||
| 300 |
_axxvii, 276 pages : _bIllustrations ; _c24 cm. |
||
| 336 |
_atext _btxt _2rdacontent |
||
| 337 |
_aunmediated _bn _2rdamedia |
||
| 338 |
_avolume _bnc _2rdacarrier |
||
| 504 | _aIncludes bibliographical references and index. | ||
| 650 | 0 | _vConformity. | |
| 650 | 0 | _vDecision making. | |
| 650 | 0 | _vSelf-actualization (Psychology). | |
| 942 |
_2lcc _cBOOKS _hHM1246 ROS _kHM _mROS _n0 |
||
| 999 |
_c172020 _d172020 |
||